Hujan sudah teduh (Record no. 73095)

MARC details
000 -LEADER
fixed length control field 00661nam a2200241 i 4500
001 - CONTROL NUMBER
control field C2-0262799
003 - CONTROL NUMBER IDENTIFIER
control field PPAK
005 - DATE AND TIME OF LATEST TRANSACTION
control field 20180727231748.0
008 - FIXED-LENGTH DATA ELEMENTS--GENERAL INFORMATION
fixed length control field 050222s2004 my |||| ||||| | may d
020 ## - INTERNATIONAL STANDARD BOOK NUMBER
International Standard Book Number 9836282114 ; 9789836282118
040 ## - CATALOGING SOURCE
Original cataloging agency PPAK
Language of cataloging eng
Transcribing agency PPAK
Description conventions rda
082 04 - DEWEY DECIMAL CLASSIFICATION NUMBER
Classification number 899.233
Edition number 23
090 00 - LOCALLY ASSIGNED LC-TYPE CALL NUMBER (OCLC); LOCAL CALL NUMBER (RLIN)
Classification number (OCLC) (R) ; Classification number, CALL (RLIN) (NR) 899.233
Feature heading ZAH
Feature heading G
100 0# - MAIN ENTRY--PERSONAL NAME
Personal name Zaharah Nawawi,
Dates associated with a name 1940-
Relator term author
245 10 - TITLE STATEMENT
Title Hujan sudah teduh
264 #1 - PRODUCTION, PUBLICATION, DISTRIBUTION, MANUFACTURE, AND COPYRIGHT NOTICE
Place of production, publication, distribution, manufacture Kuala Lumpur :
Name of producer, publisher, distributor, manufacturer Dewan Bahasa dan Pustaka ,
Date of production, publication, distribution, manufacture, or copyright notice 2004
300 ## - PHYSICAL DESCRIPTION
Extent 446 pages ;
Dimensions 18 cm
336 ## - CONTENT TYPE
Source rdacontent
Content type term text
337 ## - MEDIA TYPE
Source rdamedia
Media type term unmediated
338 ## - CARRIER TYPE
Source rdacarrier
Carrier type term volume
650 10 - SUBJECT ADDED ENTRY--TOPICAL TERM
Topical term or geographic name entry element Malay fiction.
942 ## - ADDED ENTRY ELEMENTS (KOHA)
-- dc
Koha item type Book
Holdings
Withdrawn Not for loan Current library Shelving location Date acquired Total Checkouts Full call number Barcode Date last seen Koha item type Date last checked out
    Perpustakaan Alor Setar Pinjaman Dewasa 17/10/2016 1 899.233 ZAH A00879319 26/10/2023 Book 19/10/2023
    Perpustakaan Bandar Baharu Pinjaman Dewasa 15/05/2005   899.233 ZAH A01093243 09/05/2018 Book  
    Perpustakaan Langkawi Pinjaman Dewasa 15/05/2005   899.233 ZAH A01093242 09/05/2018 Book  
    PD02, Kg. Banggol Besi, Pendang Pinjaman Dewasa 01/03/2007   899.233 ZAH A01146544 09/05/2018 Book  
    PD04, Kg. Bukit Nambua, Kuala Nerang Pinjaman Dewasa 12/03/2017   899.233 ZAH A00730260 09/05/2018 Book  
    PD06, Kg. Kepala Bukit, Pendang Pinjaman Dewasa 01/03/2007   899.233 ZAH A01146545 09/05/2018 Book  
    PD07, Kg. Jelutong, Sik Pinjaman Dewasa 01/03/2007   899.233 ZAH A01146538 09/05/2018 Book  
    PD11, Felda Teloi Kanan, Kuala Ketil Pinjaman Dewasa 01/03/2007   899.233 ZAH A01146539 09/05/2018 Book  
    PD12, Kg. Padang, Baling Pinjaman Dewasa 01/03/2007   899.233 ZAH A01146540 09/05/2018 Book  
    PD15, Kg. Naga, Kepala Batas Pinjaman Dewasa 01/03/2007   899.233 ZAH A01146547 09/05/2018 Book  
    PD16, Kg. Jelai, Pendang Pinjaman Dewasa 01/03/2007   899.233 ZAH A01146548 09/05/2018 Book  
    PD20, Felda Lubuk Merbau, Pendang Pinjaman Dewasa 01/03/2007   899.233 ZAH A01146542 09/05/2018 Book  
    PD28, Kg. Paya Kerchut, Pendang Pinjaman Dewasa 01/03/2007   899.233 ZAH A01146543 09/05/2018 Book  
    PD38, KEDA Tanjung Setol, Pendang Pinjaman Dewasa 24/12/2014   899.233 ZAH A00872270 09/05/2018 Book  
    T-PD26, Kg. Lubuk Batu, Jitra Pinjaman Dewasa 24/02/2016   899.233 ZAH A00877296 09/05/2018 Book  
    T-PD26, Kg. Lubuk Batu, Jitra Pinjaman Dewasa 15/05/2005   899.233 ZAH A01093245 09/05/2018 Book